100 tình ca Việt Nam đặc sắc

Quyển sách giới thiệu tổng hợp những bản tình ca đặc sắc của nhiều tác giả, những bài hát đã đồng hành qua bao thăng trầm của đất nước cho đến ngày nay.

Đã lưu trong:
書目詳細資料
格式: 圖書
語言:Undetermined
出版: Hà Nội Thanh Niên 2010
主題:
標簽: 添加標簽
沒有標簽, 成為第一個標記此記錄!
Thư viện lưu trữ: Trung tâm Học liệu Trường Đại học Cần Thơ
LEADER 00835nam a2200193Ia 4500
001 CTU_160936
008 210402s9999 xx 000 0 und d
020 |c 75000 
082 |a 782.42 
082 |b M458 
245 0 |a 100 tình ca Việt Nam đặc sắc 
245 0 |c Nguyễn Thụy Kha (tuyển chọn và giới thiệu) 
260 |a Hà Nội 
260 |b Thanh Niên 
260 |c 2010 
520 |a Quyển sách giới thiệu tổng hợp những bản tình ca đặc sắc của nhiều tác giả, những bài hát đã đồng hành qua bao thăng trầm của đất nước cho đến ngày nay. 
650 |a Songs, Vietnamese,Bài hát, người Việt Nam 
904 |i Trọng Hải 
980 |a Trung tâm Học liệu Trường Đại học Cần Thơ